00864nam a22002297a 450000500170000001000150001702000260003203500140005803700090007208200190008110000220010024500980012225000060022026000420022627000640026830000200033270000320035270000320038494200330041699900190044995201660046820250612114132.0 aENG-145297 a9788195318971c380.00 aEN-128829 bDBAD a635.046095421 aMandal, S.981918 aHorticultural Practices And Post-Harvest Technology/cS. Mandal; Sudipa Nag [and] Alokesh Das a1 aKolkatabBooks & Allied (P) Ltdc2014 a83/1, Dr. S.C. Banerjee Road, Beliaghata bKolkata e700010 a304p.c24cm(pb) aNag, Sudipa eAuthor981920 aAlokesh, DaseAuthor981922 2ddccENh635.0460954mMANe1 c211749d211749 001040708NFICaRC3SPbRC3SPd2025-06-12eDelivery of Books Act Divisiong380.00l0o635.0460954 MANpEN-128829r2025-06-12 00:00:00t1v380.00w2025-06-12yEN